Countries Which speak French - Sudden Death - Statistics

General Stats
  • This quiz has been taken 315 times
    279 since last reset
  • The average score is 4 of 15
Answers on the Grid
Answers color-coded by a green-red scale on the quiz's grid according to % correct below.
Solomon Islands
Haiti
Egypt
Switzerland
Sudan
Guinea
Guinea Bissau
Equatorial Guinea
Papua New Guinea
Andorra
Vanuatu
Ethiopia
Republic of the Congo
D.R. Congo
South Africa
Comoros
Spain
Algeria
Bénin
Rwanda
Madagascar
Tunisia
Monaco
Morocco
United States
Niger
Nigeria
Canada
Jordan
Cameroon
 
Answer Stats
Answer % Correct
Switzerland
71%
Haiti
69%
Canada
28%
Monaco
25%
Guinea
24%
Republic of the Congo
23%
D.R. Congo
21%
Madagascar
17%
Niger
17%
Bénin
16%
Cameroon
15%
Comoros
14%
Equatorial Guinea
10%
Rwanda
8%
Vanuatu
8%
No matching quizzes found
Score Distribution
Percent of People with Each Score
Percentile by Number Answered
Your Score History
You have not taken this quiz since the last reset